[Event "Benidorm 2013 - Torneo sub2300"]
[Site "Benidorm ESP"]
[Date "2013.12.07"]
[Round "10.6"]
[White "Montalban Galvez, Antoni"]
[Black "Santagati, Alessandro"]
[Result "1-0"]
[WhiteElo "2183"]
[BlackElo "2216"]
[PlyCount "171"]
[EventDate "2013.11.29"]
[EventType "swiss"]
[EventRounds "10"]
[EventCountry "ESP"]
[Source "lmi"]
[SourceDate "2013.11.29"]

1. Nf3 Nc6 2. d4 d6 3. Bf4 Bg4 4. d5 Bxf3 5. exf3 Nb8 6. Be2 g6 7. Be3 Bg7 8.
Bd4 Nf6 9. c4 O-O 10. Nc3 c5 11. Be3 Nbd7 12. h4 a6 13. Kf1 Qa5 14. a4 h5 15.
Bd2 Qb6 16. g4 Rfe8 17. g5 Nh7 18. f4 e6 19. a5 Qc7 20. Bf3 Rab8 21. Qc2 Nhf8
22. Kg2 b6 23. axb6 Nxb6 24. b3 exd5 25. Bxd5 Nxd5 26. Nxd5 Qc8 27. f5 Qxf5 28.
Qxf5 gxf5 29. Rxa6 Rxb3 30. Rxd6 Ng6 31. Be3 f4 32. Bxc5 f3+ 33. Kg3 Re4 34.
Ne3 Be5+ 35. Kxf3 Bxd6 36. Bxd6 Rxc4 37. Bg3 Rcb4 38. Kg2 Nf4+ 39. Kh2 Ne2 40.
Ra1 Nxg3 41. Kxg3 Rg4+ 42. Kh3 Rf4 43. Kg3 Rbb4 44. Ra8+ Kh7 45. Ra7 Kg7 46. f3
Ra4 47. Rxa4 Rxa4 48. Nd5 Ra1 49. Nf4 Rh1 50. Nxh5+ Kg6 51. Nf4+ Kf5 52. Ng2 f6
53. Ne3+ Kg6 54. f4 fxg5 55. hxg5 Ra1 56. Kf3 Ra3 57. Ke4 Ra1 58. Nd5 Re1+ 59.
Ne3 Ra1 60. Ng2 Ra5 61. Nh4+ Kh5 62. Nf3 Ra4+ 63. Kf5 Ra8 64. Ne5 Rf8+ 65. Ke4
Ra8 66. g6 Rf8 67. f5 Kh6 68. Kf4 Kg7 69. Kg5 Rf6 70. Ng4 Ra6 71. Ne3 Ra5 72.
Ng2 Ra1 73. f6+ Kg8 74. Nf4 Ra5+ 75. Kh6 Ra7 76. Nd5 Ra8 77. Ne7+ Kf8 78. Kh7
Ra7 79. g7+ Kf7 80. g8=Q+ Kxf6 81. Qf8+ Ke6 82. Qc8+ Kf6 83. Qc6+ Kf7 84. Nd5
Kf8+ 85. Nc7 Kf7 86. Qe6+ 1-0

[Event "Benidorm 2013 - Torneo sub2300"]
[Site "Benidorm ESP"]
[Date "2013.12.07"]
[Round "10.7"]
[White "Rodriguez Melendez, Juan Humbe"]
[Black "Sos Andreu, Eric"]
[Result "1/2-1/2"]
[WhiteElo "2060"]
[BlackElo "2276"]
[PlyCount "152"]
[EventDate "2013.11.29"]
[EventType "swiss"]
[EventRounds "10"]
[EventCountry "ESP"]
[Source "lmi"]
[SourceDate "2013.11.29"]

1. e4 d5 2. exd5 Qxd5 3. Nc3 Qd6 4. d4 Nf6 5. Bd3 c6 6. Nge2 Bg4 7. f3 Bh5 8.
Bf4 Qd8 9. Qd2 e6 10. O-O-O Bb4 11. Qe1 Nd5 12. Qg3 Nxf4 13. Nxf4 Bd6 14. Ne4
Bc7 15. Kb1 Bg6 16. h4 Qxd4 17. Nxe6 Bxg3 18. Nxd4 Be5 19. Bc4 Nd7 20. h5 Bxe4
21. fxe4 Bxd4 22. Rxd4 Ne5 23. Be2 Ke7 24. Kc1 Rad8 25. c3 Rd6 26. Kd2 Rhd8 27.
Ke3 c5 28. Rxd6 Rxd6 29. Rf1 Rf6 30. Rd1 Rd6 31. Rb1 Re6 32. Rf1 Rb6 33. Rb1
Rd6 34. Rf1 Rb6 35. Rb1 Rd6 36. Rh1 a6 37. Rf1 Re6 38. g3 g6 39. hxg6 hxg6 40.
Rh1 Rb6 41. Rb1 Kf6 42. b3 Rd6 43. Rh1 Rd8 44. Rb1 Kg5 45. Rd1 Rxd1 46. Bxd1
Kf6 47. Be2 Ke6 48. Kf4 f6 49. Ke3 Kd6 50. b4 cxb4 51. cxb4 Nc6 52. a3 Ke5 53.
b5 axb5 54. Bxb5 Nd4 55. Ba4 Ne6 56. Be8 g5 57. Ba4 Nc5 58. Bc2 b6 59. Bb1 Nb7
60. Bc2 Nd6 61. Bd3 Nb7 62. Bb1 Nc5 63. Bc2 Ne6 64. Bb3 Ng7 65. Bf7 f5 66. exf5
Nxf5+ 67. Kf3 g4+ 68. Kf2 Nd6 69. Bh5 Kf5 70. Ke3 Kg5 71. Bxg4 Kxg4 72. Kd4 Nb7
73. Kc4 Kxg3 74. Kb5 Nd6+ 75. Kxb6 Nc4+ 76. Kc5 Nxa3 1/2-1/2

[Event "Benidorm 2013 - Torneo sub2300"]
[Site "Benidorm ESP"]
[Date "2013.12.07"]
[Round "10.8"]
[White "Navarro Lopez-Menchero, Daniel"]
[Black "Bosque Ortega, Xavier"]
[Result "0-1"]
[WhiteElo "2283"]
[BlackElo "2197"]
[PlyCount "74"]
[EventDate "2013.11.29"]
[EventType "swiss"]
[EventRounds "10"]
[EventCountry "ESP"]
[Source "lmi"]
[SourceDate "2013.11.29"]

1. e4 c6 2. d4 g6 3. Nc3 d5 4. h3 Bg7 5. Nf3 dxe4 6. Nxe4 Nd7 7. Bc4 Ngf6 8.
Nxf6+ Nxf6 9. O-O O-O 10. a4 a5 11. c3 Nd5 12. Re1 Re8 13. Bg5 Qd6 14. Qd2 Be6
15. Bh6 f6 16. Ba2 Bf7 17. h4 Bxh6 18. Qxh6 Qf4 19. Qxf4 Nxf4 20. Bxf7+ Kxf7
21. g3 Nd5 22. Nd2 Nb6 23. Ne4 Nc4 24. b3 Nd6 25. Nc5 e6 26. Re2 b6 27. Nd3 Ra7
28. Rae1 h6 29. Kg2 Rd7 30. g4 Nb7 31. g5 Nc5 32. Nf4 hxg5 33. hxg5 fxg5 34.
Nh3 Nd3 35. Rh1 Kf6 36. Kg3 Rh7 37. Rd1 Rxh3+ 0-1

[Event "Benidorm 2013 - Torneo sub2300"]
[Site "Benidorm ESP"]
[Date "2013.12.07"]
[Round "10.13"]
[White "Rodriguez Fontecha, Marcos"]
[Black "Acuna Celada, Ivan"]
[Result "1-0"]
[WhiteElo "2300"]
[BlackElo "2163"]
[PlyCount "51"]
[EventDate "2013.11.29"]
[EventType "swiss"]
[EventRounds "10"]
[EventCountry "ESP"]
[Source "lmi"]
[SourceDate "2013.11.29"]

1. d4 d5 2. Bf4 Nf6 3. e3 c5 4. c3 Nc6 5. Nd2 Bf5 6. Qb3 Qc8 7. dxc5 e5 8. Bg3
Bxc5 9. Ngf3 O-O 10. Nxe5 Qe6 11. Nxc6 Bxe3 12. fxe3 Qxe3+ 13. Be2 bxc6 14. Bf2
Qg5 15. Nf3 Qxg2 16. Rg1 Qh3 17. Bh4 Ne4 18. c4 Rab8 19. Qa3 Rfe8 20. O-O-O Nf2
21. Bf1 Re4 22. Bxh3 Rxc4+ 23. Kd2 Rc2+ 24. Ke1 Re8+ 25. Be7 Nxh3 26. Nd4 1-0

[Event "Benidorm 2013 - Torneo sub2300"]
[Site "Benidorm ESP"]
[Date "2013.12.07"]
[Round "10.15"]
[White "Royset, Jon K"]
[Black "Buenafe Moya, Javier"]
[Result "1/2-1/2"]
[WhiteElo "2154"]
[BlackElo "2227"]
[PlyCount "113"]
[EventDate "2013.11.29"]
[EventType "swiss"]
[EventRounds "10"]
[EventCountry "ESP"]
[Source "lmi"]
[SourceDate "2013.11.29"]

1. Nf3 d6 2. d4 Bg4 3. c4 g6 4. e3 Bg7 5. Be2 Nd7 6. O-O c6 7. Nc3 Ngf6 8. h3
Bxf3 9. Bxf3 O-O 10. e4 a5 11. Be3 Re8 12. Qc2 Qc7 13. Rac1 Rac8 14. Be2 Qb8
15. Qb1 b6 16. a3 Rc7 17. f4 e5 18. dxe5 dxe5 19. f5 Rd8 20. b4 axb4 21. axb4
Qb7 22. Rcd1 Ra8 23. fxg6 hxg6 24. Qb3 Nf8 25. Na4 N8d7 26. Bf3 Bf8 27. Nb2 Qa6
28. Nd3 Qa3 29. Rb1 Rca7 30. Bc1 Qxb3 31. Rxb3 c5 32. Bg5 Nh7 33. Bh4 cxb4 34.
Nxb4 Ra4 35. Rfb1 Rc8 36. Bg4 Rxc4 37. Nd5 Bc5+ 38. Kh2 Nhf8 39. Ne7+ Kg7 40.
Bf3 Rxe4 41. Bxe4 Rxe4 42. Rg3 Kh7 43. Rg4 Rxg4 44. hxg4 g5 45. Bxg5 f6 46.
Bxf6 Nxf6 47. Nc6 Nxg4+ 48. Kg3 Ne3 49. Nxe5 Bd6 50. Kf3 Bxe5 51. Kxe3 Bd6 52.
Ke4 Bc5 53. Kd5 Ng6 54. Kc6 Ne5+ 55. Kb5 Nd3 56. Kc6 Ne5+ 57. Kb5 1/2-1/2

[Event "Benidorm 2013 - Torneo sub2300"]
[Site "Benidorm ESP"]
[Date "2013.12.07"]
[Round "10.18"]
[White "Iturbide Arnedo, Oscar"]
[Black "Saenz Narciso, Miguel Angel"]
[Result "1/2-1/2"]
[WhiteElo "2102"]
[BlackElo "2191"]
[PlyCount "62"]
[EventDate "2013.11.29"]
[EventType "swiss"]
[EventRounds "10"]
[EventCountry "ESP"]
[Source "lmi"]
[SourceDate "2013.11.29"]

1. e4 c5 2. Nc3 g6 3. g3 Bg7 4. Bg2 Nc6 5. d3 e6 6. Be3 Nd4 7. Nce2 Ne7 8. c3
Nxe2 9. Nxe2 b6 10. O-O O-O 11. a4 Qc7 12. d4 d6 13. b4 Bb7 14. Qb3 Rfc8 15.
Rfc1 cxb4 16. cxb4 Qd7 17. b5 Rxc1+ 18. Rxc1 Rc8 19. Qa3 Rxc1+ 20. Qxc1 f5 21.
f3 d5 22. e5 Bf8 23. Bf1 a5 24. Bd2 Kf7 25. Bh6 Qc8 26. Qxc8 Bxc8 27. Bxf8 Kxf8
28. h4 Bb7 29. Nc3 Kg7 30. Bd3 Bc8 31. Kf2 Kf7 1/2-1/2

[Event "Benidorm 2013 - Torneo sub2300"]
[Site "Benidorm ESP"]
[Date "2013.12.07"]
[Round "10.19"]
[White "Pozanco Romasanta, Marc"]
[Black "Royset, Pal"]
[Result "0-1"]
[WhiteElo "2070"]
[BlackElo "2190"]
[PlyCount "52"]
[EventDate "2013.11.29"]
[EventType "swiss"]
[EventRounds "10"]
[EventCountry "ESP"]
[Source "lmi"]
[SourceDate "2013.11.29"]

1. d4 d5 2. c4 e5 3. dxe5 d4 4. e3 Bb4+ 5. Bd2 dxe3 6. Qa4+ Nc6 7. fxe3 Qh4+ 8.
g3 Qe4 9. Kf2 Nh6 10. h3 Qxe5 11. Bxb4 Qxb2+ 12. Ne2 Qxb4 13. Qxb4 Nxb4 14.
Nbc3 Nd3+ 15. Kg2 b6 16. Nd4 Bb7+ 17. Nd5 Nb4 18. e4 O-O-O 19. a3 Na6 20. Nb3
Rhe8 21. Kf3 f5 22. exf5 Nxf5 23. Rh2 Ne3 24. Rd2 Nb8 25. Re1 Nxd5 26. Rxe8
Nf6+ 0-1

[Event "Benidorm 2013 - Torneo sub2300"]
[Site "Benidorm ESP"]
[Date "2013.12.07"]
[Round "10.21"]
[White "Lopez Del Alamo, Antonio"]
[Black "Sanchez Dengra, Jose Maria"]
[Result "0-1"]
[WhiteElo "2281"]
[BlackElo "2109"]
[PlyCount "50"]
[EventDate "2013.11.29"]
[EventType "swiss"]
[EventRounds "10"]
[EventCountry "ESP"]
[Source "lmi"]
[SourceDate "2013.11.29"]

1. d4 Nf6 2. Bg5 b6 3. Bxf6 exf6 4. e3 Bb7 5. Nf3 g6 6. Bd3 Bg7 7. c3 O-O 8.
Nbd2 f5 9. Qc2 Re8 10. O-O-O d5 11. h4 Nd7 12. h5 Nf8 13. Rdg1 c5 14. g4 c4 15.
Bxf5 gxf5 16. gxf5 Kh8 17. Ng5 Qe7 18. Ndf3 h6 19. Ne5 Bxe5 20. dxe5 hxg5 21.
f4 Nh7 22. h6 Rg8 23. Rh2 gxf4 24. Rhg2 Qxe5 25. exf4 Qxf4+ 0-1

[Event "Benidorm 2013 - Torneo sub2300"]
[Site "Benidorm ESP"]
[Date "2013.12.07"]
[Round "10.22"]
[White "Lloret Ramis, Juan Jose"]
[Black "Bilquez, Romain"]
[Result "1-0"]
[WhiteElo "2281"]
[BlackElo "2152"]
[PlyCount "77"]
[EventDate "2013.11.29"]
[EventType "swiss"]
[EventRounds "10"]
[EventCountry "ESP"]
[Source "lmi"]
[SourceDate "2013.11.29"]

1. d4 Nf6 2. c4 g6 3. Nf3 d5 4. Nc3 Bg7 5. cxd5 Nxd5 6. e4 Nxc3 7. bxc3 c5 8.
Be3 cxd4 9. cxd4 O-O 10. Qd2 Nc6 11. Be2 Qa5 12. Qxa5 Nxa5 13. Rc1 Bg4 14. O-O
Rac8 15. d5 b6 16. Ba6 Rxc1 17. Rxc1 f5 18. Rc7 fxe4 19. Ng5 h6 20. Nxe4 Rd8
21. Rxa7 Rxd5 22. f3 Bd4 23. Kf2 Bd7 24. Bxd4 Rxd4 25. Ke3 Rd5 26. Bd3 Kf7 27.
Nd2 Be6 28. Ra6 Rd6 29. a4 Bd7 30. Ne4 Re6 31. Rxa5 bxa5 32. Bc4 Bxa4 33. Bxe6+
Kxe6 34. Nc5+ Kd5 35. Nxa4 Kc4 36. Nb6+ Kb5 37. Nd5 Kc4 38. Nxe7 Kb3 39. Kd2
1-0

[Event "Benidorm 2013 - Torneo sub2300"]
[Site "Benidorm ESP"]
[Date "2013.12.07"]
[Round "10.25"]
[White "Cano Gimenez, Vicente"]
[Black "Mammadov, Farid Yediyar"]
[Result "1-0"]
[WhiteElo "2260"]
[BlackElo "2118"]
[PlyCount "63"]
[EventDate "2013.11.29"]
[EventType "swiss"]
[EventRounds "10"]
[EventCountry "ESP"]
[Source "lmi"]
[SourceDate "2013.11.29"]

1. Nf3 Nf6 2. c4 g6 3. g3 Bg7 4. Bg2 O-O 5. O-O d6 6. Nc3 e5 7. d4 Nbd7 8. h3
c6 9. e4 Re8 10. Rb1 Qc7 11. Re1 Nf8 12. Be3 Ne6 13. Rc1 b6 14. b4 a5 15. a3
axb4 16. axb4 Ra3 17. d5 Rxc3 18. Rxc3 Nxe4 19. Bxb6 Qxb6 20. Rxe4 f5 21. Re1
e4 22. Rce3 cxd5 23. cxd5 Nc7 24. Ng5 h6 25. Nxe4 fxe4 26. Bxe4 Rxe4 27. Rxe4
Bb7 28. Re7 Nxd5 29. Qb3 Be5 30. Rxb7 Qxb7 31. Rd1 Kg7 32. Rxd5 1-0

[Event "Benidorm 2013 - Torneo sub2300"]
[Site "Benidorm ESP"]
[Date "2013.12.07"]
[Round "10.31"]
[White "Gonzalez Aguirre, Luis"]
[Black "Martin Martin, Luis Vicente"]
[Result "1-0"]
[WhiteElo "2157"]
[BlackElo "2031"]
[PlyCount "51"]
[EventDate "2013.11.29"]
[EventType "swiss"]
[EventRounds "10"]
[EventCountry "ESP"]
[Source "lmi"]
[SourceDate "2013.11.29"]

1. Nf3 d5 2. d4 Nf6 3. c4 c6 4. Qc2 g6 5. Bf4 Bg7 6. e3 Bf5 7. Qb3 Qb6 8. Nc3
Nbd7 9. h3 Qxb3 10. axb3 O-O 11. Be2 Bc2 12. Nd2 Ne4 13. Ndxe4 dxe4 14. Kd2 Bd3
15. Bxd3 exd3 16. Kxd3 e5 17. dxe5 Nxe5+ 18. Kc2 a6 19. Rhd1 Rfd8 20. Ne4 f5
21. Nc5 Rxd1 22. Rxd1 b6 23. Bxe5 Bxe5 24. Nd7 Bc7 25. Nf6+ Kg7 26. Rd7+ 1-0

[Event "Benidorm 2013 - Torneo sub2300"]
[Site "Benidorm ESP"]
[Date "2013.12.07"]
[Round "10.33"]
[White "Remolar Gallen, Jose"]
[Black "Mascarell Canet, Ricardo"]
[Result "1-0"]
[WhiteElo "2213"]
[BlackElo "1977"]
[PlyCount "55"]
[EventDate "2013.11.29"]
[EventType "swiss"]
[EventRounds "10"]
[EventCountry "ESP"]
[Source "lmi"]
[SourceDate "2013.11.29"]

1. e4 c5 2. c3 e6 3. d4 d5 4. exd5 exd5 5. Nf3 Nf6 6. Nbd2 Nc6 7. Bb5 Bd6 8.
dxc5 Bxc5 9. O-O O-O 10. Nb3 Bd6 11. Bg5 Be6 12. Nfd4 Rc8 13. Re1 a6 14. Bxc6
bxc6 15. Qf3 Re8 16. Nf5 Bxf5 17. Qxf5 Qd7 18. Qf3 Ne4 19. Be3 Bc7 20. Rad1 Rb8
21. c4 a5 22. cxd5 cxd5 23. g3 a4 24. Nc5 Nxc5 25. Bxc5 Rxb2 26. Qxd5 Rxe1+ 27.
Rxe1 Qc8 28. Re7 1-0

[Event "Benidorm 2013 - Torneo sub2300"]
[Site "Benidorm ESP"]
[Date "2013.12.07"]
[Round "10.38"]
[White "Riquelme Valero, Manuel Damian"]
[Black "Romero Calduch, Sergio"]
[Result "1/2-1/2"]
[WhiteElo "2130"]
[BlackElo "2082"]
[PlyCount "43"]
[EventDate "2013.11.29"]
[EventType "swiss"]
[EventRounds "10"]
[EventCountry "ESP"]
[Source "lmi"]
[SourceDate "2013.11.29"]

1. d4 Nf6 2. c4 e6 3. Nc3 Bb4 4. f3 d5 5. a3 Bxc3+ 6. bxc3 c5 7. cxd5 exd5 8.
e3 O-O 9. Bd3 Re8 10. Ne2 Nc6 11. O-O b6 12. Rb1 Qd6 13. Qe1 Ne7 14. e4 cxd4
15. cxd4 dxe4 16. fxe4 Nc6 17. Qf2 Bg4 18. Bb2 Bxe2 19. Bxe2 Rxe4 20. Bf3 Ree8
21. Rbc1 Rac8 22. g4 1/2-1/2

[Event "Benidorm 2013 - Torneo sub2300"]
[Site "Benidorm ESP"]
[Date "2013.12.07"]
[Round "10.42"]
[White "Alvarez Pedrosa, Valeriano"]
[Black "Nieves Cabanes, Javier"]
[Result "0-1"]
[WhiteElo "1923"]
[BlackElo "2087"]
[PlyCount "44"]
[EventDate "2013.11.29"]
[EventType "swiss"]
[EventRounds "10"]
[EventCountry "ESP"]
[Source "lmi"]
[SourceDate "2013.11.29"]

1. c4 e5 2. g3 Nc6 3. Bg2 f5 4. Nc3 Nf6 5. d3 Bb4 6. Nf3 O-O 7. O-O Bxc3 8.
bxc3 d6 9. Rb1 Qe8 10. h4 f4 11. e3 fxg3 12. fxg3 Qg6 13. Ng5 h6 14. Ne4 Nxe4
15. Rxf8+ Kxf8 16. dxe4 Qxg3 17. Qf3+ Qxf3 18. Bxf3 b6 19. Ba3 Na5 20. Rf1 Ke7
21. Bb4 Nxc4 22. Bh5 Be6 0-1

[Event "Benidorm 2013 - Torneo sub2300"]
[Site "Benidorm ESP"]
[Date "2013.12.07"]
[Round "10.49"]
[White "Cardenas Serrano, Sergio"]
[Black "Machlik, Monika"]
[Result "1/2-1/2"]
[WhiteElo "2094"]
[BlackElo "1936"]
[PlyCount "61"]
[EventDate "2013.11.29"]
[EventType "swiss"]
[EventRounds "10"]
[EventCountry "ESP"]
[Source "lmi"]
[SourceDate "2013.11.29"]

1. d4 Nf6 2. Nf3 d5 3. c4 dxc4 4. e3 Bg4 5. Bxc4 e6 6. h3 Bh5 7. O-O Nbd7 8.
Nc3 Bd6 9. Be2 O-O 10. b3 Qe7 11. Bb2 e5 12. Nxe5 Bxe2 13. Qxe2 Nxe5 14. dxe5
Bxe5 15. Nb5 Bxb2 16. Qxb2 c6 17. Nd4 Rfd8 18. Rad1 Rd5 19. Qc2 Qd7 20. Rd2 c5
21. Nf3 Rxd2 22. Nxd2 Rd8 23. Ne4 Nxe4 24. Qxe4 b6 25. Rc1 Qd2 26. Rc2 Qd1+ 27.
Kh2 g6 28. Rc4 Qe2 29. Rc2 Rd2 30. Rxd2 Qxd2 31. Qe8+ 1/2-1/2

[Event "Benidorm 2013 - Torneo sub2300"]
[Site "Benidorm ESP"]
[Date "2013.12.07"]
[Round "10.70"]
[White "Machlik, Edit"]
[Black "Sancho Castiello, Federico"]
[Result "0-1"]
[WhiteElo "1862"]
[BlackElo "2091"]
[PlyCount "65"]
[EventDate "2013.11.29"]
[EventType "swiss"]
[EventRounds "10"]
[EventCountry "ESP"]
[Source "lmi"]
[SourceDate "2013.11.29"]

1. d4 Nf6 2. c4 e6 3. Nc3 Bb4 4. Qc2 c5 5. dxc5 Bxc5 6. g3 Qb6 7. Nf3 Qc7 8. g4
h6 9. Rg1 a6 10. g5 hxg5 11. Rxg5 Bf8 12. e4 d6 13. Bf4 b6 14. O-O-O Bb7 15.
Qd3 Nbd7 16. Bg2 Nc5 17. Qe2 Ncxe4 18. Nxe4 Nxe4 19. Rg4 b5 20. Kb1 Qxc4 21.
Qe3 Rc8 22. Nd4 Bd5 23. Qa3 Nc5 24. b3 Qc3 25. Rg3 Na4 26. Rxc3 Nxc3+ 27. Ka1
Bxg2 28. Rc1 Bb7 29. Bxd6 Bxd6 30. Qxd6 Rh5 31. Qg3 b4 32. Qd6 Ra5 33. Qxb4 0-1